| 000 | 00000nam##2200000za#4500 |
| 001 | 9.664059 |
| 003 | CaOODSP |
| 005 | 20210615121357 |
| 007 | ta |
| 008 | 150407|2002||||xxc||||| f|0| 0 eng|d |
| 040 | |aCaOODSP|beng |
| 041 | |aeng |
| 041 | |afre |
| 043 | |an-cn--- |
| 086 | 1 |aSW21-95/2002 |
| 110 | 1 |aCanada.|bStatus of Women Canada. |bPolicy Research. |
| 245 | 14|aThe insertion model or the workfare model? : |bthe transformation of social assistance within Quebec and Canada / |cby Sylvie Morel. |
| 260 | |bStatus of Women Canada. |c2002. |
| 300 | |aEnglish text, viii, 177p. : |breferences, tables ; |c28 cm. |
| 563 | |aSoftcover |
| 590 | |a02-37|b2002-09-13 |
| 690 | 07|aResearch|2gcpds |
| 690 | 07|aSocial services|2gcpds |
| 690 | 07|aStatus of women|2gcpds |
| 690 | 07|aWorking conditions|2gcpds |
| 720 | 1 |aMorel, Sylvie |
| 776 | 0#|tModèle du workfare ou modèle de l'insertion? : |w(CaOODSP)9.630783 |
| 776 | 0#|tThe insertion model or the workfare model? : |w(CaOODSP)9.688526 |
| 792 | |tModèle du workfare ou modèle de l'insertion? : |efre|w(CaOODSP)9.664060 |